Γράμματα

Αποθηκεύτηκε σε:
Λεπτομέρειες βιβλιογραφικής εγγραφής
Άλλοι συγγραφείς: Παπαδιαμάντης, Αλέξανδρος, 1851-1911 (Συγγραφέας εισαγωγής κ.λπ.)
Μορφή: Βιβλίο
Γλώσσα:Greek
Δημοσίευση: Εν Αθήναις : Σιδέρης, Ι.Ν., 1934
Σειρά:Σύλλογος προς Διάδοσιν Ωφελίμων Βιβλίων ; ; 68
Θέματα:
Ετικέτες: Προσθήκη ετικέτας
Δεν υπάρχουν, Καταχωρήστε ετικέτα πρώτοι!

MARC

LEADER 00000cam a2200000 i 4500
001 1/97277
008 081113s1934 gre d
035 |l 10101654 
040 |a GR-MY-UA  |b gre  |e aacr 
041 0 |a gre 
082 0 |a 889.32  |2 (22) 
100 1 |4 aui  |a Παπαδιαμάντης, Αλέξανδρος,   |d 1851-1911. 
245 1 0 |a Γράμματα /  |c Α. Παπαδιαμάντη ; με πρόλογο και σημειώσεις Octave Merlier 
260 |a Εν Αθήναις :   |b Σιδέρης, Ι.Ν.,   |c 1934 
300 |a ξδ', 266 σ.;  |b φωτ.;  |c 19 εκ. 
490 1 |a Σύλλογος προς διάδοσιν ωφελίμων βιβλίων  |v ; 68 
500 |a Το αντίτυπο της Ρόδου με αριθμό εισαγωγής 153622 είναι δεμένο με: Θαλασσινά ειδύλλια, (1887-1891) / Παπαδιαμάντη 
504 |a Περιλαμβάνει ευρετήριο 
650 0 0 |a Greek literature, Modern  |y 19th century. 
650 0 0 |a Greek fiction, Modern  |y 19th century. 
830 0 |a Σύλλογος προς Διάδοσιν Ωφελίμων Βιβλίων ;  |v ; 68 
852 |a INST  |b RHODES  |c AKA  |e 20081113  |h  889.32 ΠΑΠ  |p 005400031265  |q 005400031265  |t BK  |y 0 
901 |a BIBL4-2008-3 
909 |a Ρ  |b 153622 
970 |a ΧΑΡΙΟΠΟΛΙΤΟΥ  |b ΚΩΝΣΤΑΝΤΙΝΑ  |z 2008/11/13